| 000 | 01010nam a2200265Ia 4500 | ||
|---|---|---|---|
| 003 | OSt | ||
| 005 | 20221005103908.0 | ||
| 006 | a|||||r|||| 00| 0 | ||
| 007 | ta | ||
| 008 | 221004b |||||||| |||| 00| 0 hin d | ||
| 020 |
_a9788188790395 (hbk) _c695 |
||
| 024 | _a13875 | ||
| 037 |
_b5161, 26/03/2014, Friends Publications (India) _cTextual |
||
| 040 |
_aCRL _cCRL _bhin |
||
| 041 |
_2hin _ahin |
||
| 082 | _aWv2, Q0 | ||
| 100 |
_aमिश्रा, महेंद्र कुमार _9163420 |
||
| 245 | 0 | _aभारतीय राजनीतिक विचारक | |
| 246 | _aBhāratīya rājanītik vichāraka | ||
| 260 |
_aदिल्ली _bकल्पना प्रकाशन भारत _c2010 |
||
| 300 |
_a266पृ0 _ccm. |
||
| 650 | _aराजनीतिक विज्ञान | ||
| 942 |
_hWv2, Q0 _cTEXL _2cc |
||
| 999 |
_c1011193 _d1011193 |
||